000 00982nam a22003137a 4500
001 BR9702595
003 BR-BrBNA
005 20230928095410.0
007 ta
008 230509b bl.||||| |||| 00| 0 por d
040 _aBR-BrBNA
_bpor
_cBiblioteca Nacional de Agricultura
041 _a(Por)
072 _aA50
_b0336
090 _ 0336 BR9702595
110 1 _aInstituto de Pesquisas Agronomicas, Porto Alegre, RS (Brasil)
_96134
110 1 _aCentro Nacional de Pesquisa de Soja, Londrina, RS (Brasil)
111 1 _a7. Reuniao de Pesquisa de Soja da Regiao Sul
_c30 Jul-3 Aug 1979
_dPorto Alegre, RS (Brazil)
245 1 _aAta. 7. Reuniao de Pesquisa da Soja da Regiao Sul
260 3 _aPorto Alegre, RS (Brasil):
_c1979.
300 _a148 p.
500 _a6 tables
650 _aSoja
650 _aPesquisa Agricola
650 _aInstituicao de Pesquisa
650 _aEntomologia
650 _aInseticida
909 _a202309
_bLucia
_c55
_dLucia Elande
942 _cBK
999 _c56338
_d56338